| 000 | 01244nam a22003737a 4500 | ||
|---|---|---|---|
| 003 | CHAP | ||
| 005 | 20250613132711.0 | ||
| 008 | 971013s1984 r 00010 d | ||
| 010 | _a4317 | ||
| 011 | _a5289 | ||
| 035 | _a4496 | ||
| 040 | _cCHAP | ||
| 090 | _aFolleto 12702 | ||
| 110 |
_aSistema Nacional para el Abasto. México _9106728 |
||
| 245 |
_aPiña _b: Ananas comosus |
||
| 260 |
_aMéxico, D.F. : _bEl Sistema, _c1984 |
||
| 300 |
_aHoja desplegable _b: ilus |
||
| 490 |
_aNormas de calidad _v; 6 |
||
| 500 | _a53-160 | ||
| 590 |
_aBATCH-UPD _b10 _c20130110 _lUCH01 _h0026 |
||
| 590 |
_aBATCH-UPD _b10 _c20130110 _lUCH01 _h1128 |
||
| 590 |
_aBATCH-UPD _b10 _c20130409 _lUCH01 _h2007 |
||
| 590 |
_aBATCH-UPD _b10 _c20130410 _lUCH01 _h0717 |
||
| 590 |
_aBATCH-UPD _b10 _c20130914 _lUCH01 _h1841 |
||
| 590 |
_aCONVERSION _b10 _c20130109 _lUCH01 _h1304 |
||
| 650 | 1 | 7 |
_aPiña (Ananas comosus) _xMéxico _2 _988414 |
| 650 | 1 | 4 |
_aProductos agrícolas _xCalidad. _991922 |
| 650 | 1 | 4 |
_aProductos agrícolas _xNormas de calidad. _992001 |
| 830 | 0 |
_aNormas de calidad _v; 6 _981766 |
|
| 901 | _aBK | ||
| 942 | _cFOLL | ||
| 949 |
_aFolleto 12702 _bBC _cFOLL _d-14043 _eTS1 _i4496 _si |
||
| 949 |
_aFolleto 12702 _bBC _cFOLL _d44962 _eTS2 _fc.2 _gDonaciØn _i4496 _st |
||
| 999 |
_c4317 _d4317 |
||